มุมมองปกติ
มุมมองแบบ MARC
รายการ Topical Term
001 - CONTROL NUMBER
- control field: 12656
003 - CONTROL NUMBER IDENTIFIER
- control field: NALT
005 - DATE AND TIME OF LATEST TRANSACTION
- control field: 20220429100533.0
008 - FIXED-LENGTH DATA ELEMENTS
- fixed length control field: 170817|| aca||aabn | a|a d
040 ## - CATALOGING SOURCE
- Original cataloging agency: NALT
- Transcribing agency: NALT
670 ## - SOURCE DATA FOUND
- Source citation: Work cat.: (NALT)30220: พรพิมล ถิรคุณโกวิท 12655, การใช้สิทธิเข้าชื่อเสนอกฎหมายของประชาชน : การศึกษาปัญหาและอุปสรรค, 2543
